[Event "Sparkassen Open 2018"]
[Site "Heusenstamm"]
[Date "2018.11.25"]
[Round "7"]
[White "Milov, Leonid"]
[Black "Haag, Martin"]
[Result "1-0"]
[WhiteElo "2481"]
[BlackElo "2186"]
[Annotator "RC"]
[PlyCount "127"]
[EventDate "2018.11.22"]
[EventType "swiss"]
[EventCountry "GER"]
[SourceTitle "playchess.com"]
[Source "ChessBase"]
[SourceQuality "1"]
[TimeControl "40/5400+30:1800+30"]

1. e4 {[%emt 0:00:00]} d6 {[%emt 0:00:00]} 2. d4 {[%emt 0:00:00]} Nf6 {[%emt 0:00:00]} 3. Nc3 {[%emt 0:00:00]} e5 {[%emt 0:00:00]} 4. dxe5 {[%emt 0:01:27]} dxe5 {[%emt 0:00:00]} 5. Qxd8+ {[%emt 0:00:02]} Kxd8 {[%emt 0:00:07]} 6. Bg5 {[%emt 0:00:12]} Be6 {[%emt 0:00:15]} 7. O-O-O+ {[%emt 0:01:09]} Nbd7 {[%emt 0:00:37]} 8. f4 {[%emt 0:00:33]} exf4 {[%emt 0:02:04]} 9. Nf3 {[%emt 0:00:19]} h6 {[%emt 0:20:41]} 10. Bxf4 {[%emt 0:00:18]} Ng4 {[%emt 0:07:18]} 11. Nb5 {[%emt 0:31:49]} Nf2 {[%emt 0:06:05]} 12. Nxc7 {[%emt 0:19:46]} Nxd1 {[%emt 0:03:28]} 13. Bb5 {[%emt 0:11:27]} Nf2 {[%emt 0:05:12]} 14. Rf1 {[%emt 0:00:24]} Bc5 {[%emt 0:16:09]} 15. Nxa8 {[%emt 0:05:53]} g5 {[%emt 0:05:02]} 16. Bg3 {[%emt 0:02:16]} Nxe4 {[%emt 0:01:35]} 17. Nc7 {[%emt 0:00:36]} Nxg3 {[%emt 0:03:04]} 18. Nxe6+ {[%emt 0:00:15]} fxe6 {[%emt 0:00:09]} 19. hxg3 {[%emt 0:00:11]} Nb6 {[%emt 0:05:10]} 20. Ne5 {[%emt 0:13:59]} Rf8 {[%emt 0:03:43]} 21. Rd1+ {[%emt 0:00:39]} Kc7 {[%emt 0:01:19]} 22. Be2 {[%emt 0:00:31]} Bd6 {[%emt 0:03:29]} 23. Nd3 {[%emt 0:00:10]} Nd5 {[%emt 0:01:25]} 24. Rh1 {[%emt 0:05:35]} Rf6 {[%emt 0:00:53]} 25. Rh3 {[%emt 0:01:08]} Nb4 {[%emt 0:10:11]} 26. Kd2 {[%emt 0:01:56]} Nxd3 {[%emt 0:00:11]} 27. Kxd3 {[%emt 0:00:08]} a5 {[%emt 0:01:05]} 28. g4 {[%emt 0:00:52]} Bf8 {[%emt 0:00:50]} 29. Bf3 {[%emt 0:00:22]} Rf4 {[%emt 0:01:28]} 30. c3 {[%emt 0:01:17]} b5 {[%emt 0:00:47]} 31. Rh1 {[%emt 0:00:13]} Bg7 {[%emt 0:00:17]} 32. Re1 {[%emt 0:00:25]} Kd6 {[%emt 0:00:49]} 33. Rd1 {[%emt 0:00:38]} Kc7 {[%emt 0:01:03]} 34. a3 {[%emt 0:00:57]} Rf8 {[%emt 0:00:50]} 35. Re1 {[%emt 0:00:28]} Kd6 {[%emt 0:00:27]} 36. Kc2 {[%emt 0:00:16]} Rf4 {[%emt 0:00:54]} 37. Rd1+ {[%emt 0:00:52]} Kc7 {[%emt 0:00:09]} 38. Rd3 {[%emt 0:01:00]} Rf8 {[%emt 0:00:34]} 39. Re3 {[%emt 0:00:20]} Kd6 {[%emt 0:00:11]} 40. Kb3 {[%emt 0:00:24]} Rb8 {[%emt 0:00:15]} 41. Re4 {[%emt 0:30:44]} Bf6 {[%emt 0:01:46]} 42. Kc2 {[%emt 0:00:00]} Rc8 {[%emt 0:11:50]} 43. Kd3 {[%emt 0:00:00]} Rb8 {[%emt 0:01:39]} 44. Kc2 {[%emt 0:00:00]} Rb6 {[%emt 0:02:09]} 45. Be2 {[%emt 0:00:00]} Rb7 {[%emt 0:02:37]} 46. Kb3 {[%emt 0:00:00]} Rb8 {[%emt 0:00:10]} 47. Re3 {[%emt 0:00:00]} Rb6 {[%emt 0:00:26]} 48. Bd3 {[%emt 0:00:00]} Rb8 {[%emt 0:01:15]} 49. Bb1 {[%emt 0:00:00]} b4 {[%emt 0:03:54]} 50. cxb4 {[%emt 0:00:00]} axb4 {[%emt 0:00:07]} 51. a4 {[%emt 0:00:00]} Bd4 {[%emt 0:03:44]} 52. Rf3 {[%emt 0:00:00]} Kd5 {[%emt 0:00:39]} 53. Rf7 {[%emt 0:00:00]} e5 {[%emt 0:01:19]} 54. Rd7+ {[%emt 0:00:00]} Kc6 {[%emt 0:03:24]} 55. Rh7 {[%emt 0:00:00]} Kd5 {[%emt 0:00:31]} 56. Rd7+ {[%emt 0:00:00]} Kc5 {[%emt 0:01:14]} 57. Be4 {[%emt 0:00:00]} Rf8 {[%emt 0:00:27]} 58. Rd5+ {[%emt 0:00:00]} Kb6 {[%emt 0:00:11]} 59. Rb5+ {[%emt 0:00:00]} Ka6 {[%emt 0:00:46]} 60. Bf5 {[%emt 0:00:00]} h5 {[%emt 0:00:56]} 61. Bd3 {[%emt 0:04:34]} Ka7 {[%emt 0:00:08]} 62. gxh5 {[%emt 0:00:22]} g4 {[%emt 0:00:21]} 63. h6 {[%emt 0:00:50]} e4 {[%emt 0:03:32]} 64. Rxb4 {[%emt 0:03:13]} 1-0

[Event "Sparkassen Open 2018"]
[Site "Heusenstamm"]
[Date "2018.11.25"]
[Round "7"]
[White "Golubka, Petro"]
[Black "Hacker, Jonas"]
[Result "1/2-1/2"]
[WhiteElo "2461"]
[BlackElo "2350"]
[Annotator "TA"]
[PlyCount "63"]
[EventDate "2018.11.22"]
[EventType "swiss"]
[EventCountry "GER"]
[SourceTitle "playchess.com"]
[Source "ChessBase"]
[SourceQuality "1"]

{[%evp 20,63,8,7,41,33,41,29,35,35,36,0,24,2,38,18,42,43,29,19,24,6,4,-7,0,0,0,-2,0,-149,0,0,0,-4,0,-8,14,14,22,-44,-43,-72,-66,-81,-41,-40]} 1. e4 e5 2. Nf3 Nc6 3. Bb5 a6 4. Ba4 Nf6 5. d3 d6 {[%cal Bd7d6,Bd6d5][%mdl 32]} 6. c3 g6 7. Nbd2 Bg7 8. Nf1 O-O 9. Ng3 b5 10. Bc2 d5 {C77: Ruy Lopez: 3...a6 4 Ba4 Nf6, unusual lines} (10... Bb7 11. h4 h5 12. Bg5 Qd7 13. O-O Nd8 14. d4 exd4 15. cxd4 Ne6 16. Bd2 d5 17. e5 Ne4 18. b4 Nxd2 19. Qxd2 {½-½ (89) Andreikin,D (2723)-Karttunen,M (2465) Minsk 2017}) 11. O-O {LiveBook: 17 Games} Bb7 12. Bg5 $146 ({Predecessor:} 12. h3 Re8 13. Nh2 Nb8 14. Ng4 Nxg4 15. hxg4 Nd7 16. exd5 Bxd5 17. Ne4 Nf6 18. g5 Nxe4 {½-½ (18) Paehtz,E (2456)-Stohl,I (2551) Germany 2006}) 12... h6 {White is slightly better.} 13. Bxf6 Bxf6 14. exd5 Qxd5 15. Ne4 Bg7 16. b4 Nb8 17. Re1 Nd7 18. Bb3 Qc6 19. d4 Qb6 20. Rc1 Rad8 21. d5 c5 {[#] aiming for ...c4.} 22. dxc6 $1 Bxc6 23. Qe2 Kh7 24. h4 (24. Rcd1 $11) 24... Bxe4 (24... f5 $17 25. Ned2 e4) 25. Qxe4 $11 f5 26. Qe3 $1 Qxe3 27. Rxe3 Rfe8 28. h5 gxh5 29. Nh4 (29. Rd1 $11) 29... Bf6 $15 30. Rh3 Bxh4 31. Rxh4 Nf6 32. c4 {Accuracy: White = 44%, Black = 40%.} 1/2-1/2

[Event "Sparkassen Open 2018"]
[Site "Heusenstamm"]
[Date "2018.11.25"]
[Round "7"]
[White "Barski, Radoslaw"]
[Black "Farmani Anosheh, Yasha"]
[Result "1-0"]
[WhiteElo "2459"]
[BlackElo "2127"]
[Annotator "TA"]
[PlyCount "115"]
[EventDate "2018.11.22"]
[EventType "swiss"]
[EventCountry "GER"]
[SourceTitle "playchess.com"]
[Source "ChessBase"]
[SourceQuality "1"]

{[%evp 16,115,21,8,19,15,41,39,42,31,34,26,27,23,42,7,60,3,20,0,57,61,62,57,71,58,70,47,72,0,54,-3,-5,-1,-4,-7,0,-20,15,10,48,51,47,-44,15,-5,154,151,171,177,159,165,163,166,168,154,218,213,206,208,209,207,202,206,233,99,120,128,160,122,130,128,126,129,253,246,235,237,194,192,201,200,273,264,770,764,757,745,739,390,624,603,620,506,1590,1406,4627,4618,29979,29980,29989,29987]} 1. e4 e5 2. Nf3 Nc6 3. Bb5 Nf6 4. d3 Bc5 5. c3 d6 6. O-O O-O 7. Nbd2 a6 {C65: Ruy Lopez: Berlin Defence (3...Nf6), unusual lines and 4 0-0 Bc5} 8. Bxc6 bxc6 9. Qc2 {LiveBook: 3 Games} (9. d4 exd4 10. cxd4 Bb6 11. Qc2 Re8 12. Re1 c5 13. d5 Bg4 14. b3 Ba5 15. Re3 {½-½ (37) Vitiugov,N (2730)-Jakovenko,D (2748) Satka 2018}) 9... Re8 {The position is equal.} 10. d4 Bb6 $146 ({Predecessor:} 10... exd4 11. cxd4 Bb6 12. Re1 Bd7 13. b3 c5 14. dxc5 Bxc5 15. Bb2 {½-½ (23) Stanojevic,S (2415)-Leemans,R (2354) ICCF email 2014}) 11. dxe5 dxe5 12. Nc4 Nd7 13. Bg5 f6 14. Be3 Qe7 15. Rfd1 Kh8 (15... a5 $11) 16. Rd2 ({White should try} 16. Bxb6 $14 Nxb6 17. Na5) 16... a5 17. Rad1 Nc5 (17... a4 $11) 18. Nxb6 $14 cxb6 19. Rd6 Be6 20. Rxc6 Bxa2 {Strongly threatening ...Bb3.} 21. Rxb6 a4 {Black wants to play ...Bb3.} 22. Re1 (22. Nd2 $16) 22... Rac8 (22... Bb3 $11 23. Qb1 Red8) 23. Rb5 (23. Rb4 $14) 23... Bb3 $11 24. Qb1 $1 Nd3 25. Rf1 $36 {[%mdl 2048] Threatens to win with Rxb3. White is more active.} Bc4 26. Rb6 Nf4 (26... Nxb2 $5 27. Rxb2 (27. Qxb2 a3 $11) 27... Bxf1 28. Kxf1 Rxc3 $11) 27. Re1 {Threatening Bxf4.} Qc7 (27... a3 $5 {[%cal Rf4d3]}) 28. Nd2 Bd3 29. Qa2 (29. Qd1 $14) 29... Bc2 (29... Ne2+ $15 30. Kh1 Nd4 31. cxd4 Qxb6 32. dxe5 Qb4 33. exf6 gxf6) 30. Qa3 Rb8 $2 ({Black should play} 30... Red8 $11 31. Rb5 Qd7) 31. Rxb8 $16 Rxb8 32. Bxf4 $1 exf4 33. Rc1 Bb3 34. Nxb3 axb3 $18 {[%mdl 4096] Endgame KQR-KQR} 35. Rd1 Qc4 (35... h6 $16 {was necessary.} 36. Qa4 Kh7) 36. Qd6 Re8 37. f3 ({Don't take} 37. Qxf4 $6 Qe2 $16) 37... Qe2 38. Qd2 Qxd2 39. Rxd2 {KR-KR} Ra8 40. Rd4 (40. Kf1 $18 {and White stays clearly on top.}) 40... Kg8 41. Rb4 Ra1+ 42. Kf2 Rc1 43. Rxb3 Rc2+ {[#]} 44. Kf1 $1 Rc1+ (44... g5 $16) 45. Ke2 Rc2+ 46. Kd3 Rxg2 {[#]} 47. c4 $1 {[%cal Bc3c4,Bc4c5][%mdl 32]} Kf7 48. c5 Ke7 49. Rb7+ Kd8 $2 (49... Ke6 50. b4 Rf2) 50. b4 Rf2 51. Rxg7 Rxf3+ 52. Kd4 Rb3 (52... Rf1 $142) 53. Kc4 Re3 54. Kd5 Rd3+ (54... f3 $142 55. Rf7 Rb3 56. Rxf6 Ke7) 55. Kc6 Rd4 56. b5 {[%cal Bb4b5,Bb5b6][%mdl 32]} Rxe4 57. b6 Re6+ 58. Kb5 {Accuracy: White = 54%, Black = 32%.} 1-0

[Event "Sparkassen Open 2018"]
[Site "Heusenstamm"]
[Date "2018.11.25"]
[Round "7"]
[White "Zuyev, Igor"]
[Black "Sumets, Andrey"]
[Result "1/2-1/2"]
[WhiteElo "2435"]
[BlackElo "2580"]
[Annotator "TA"]
[PlyCount "64"]
[EventDate "2018.11.22"]
[EventType "swiss"]
[EventCountry "GER"]
[SourceTitle "playchess.com"]
[Source "ChessBase"]
[SourceQuality "1"]

{[%evp 19,64,16,25,29,25,31,27,0,0,0,3,-4,25,0,18,19,64,60,65,0,2,10,29,0,10,0,0,0,0,0,0,0,0,0,0,0,0,0,0,0,0,0,0,0,24,24,40]} 1. e4 c6 2. d4 d5 3. exd5 cxd5 4. Bd3 Nc6 5. c3 Nf6 6. Bf4 g6 7. Nd2 Bf5 {B13: Caro-Kann: Exchange Variation and Panov-Botvinnik Attack} 8. Bxf5 gxf5 9. Ngf3 e6 (9... Rg8 10. O-O Nh5 11. Bg3 Nxg3 12. hxg3 e6 13. c4 Qd7 14. a3 Rg4 15. Rc1 Rd8 {½-½ (50) Ponizil,C (2510)-Laznicka,V (2654) Pardubice 2016}) 10. O-O Bd6 {LiveBook: 3 Games} 11. Ne5 Qc7 {[%cal Rc6e5]} 12. Qe2 Rg8 13. Rad1 $146 (13. Rfe1 {is interesting.} O-O-O 14. Ndf3 Ne4 15. Nxc6 Qxc6 16. Bxd6 Nxd6 17. Ne5) ({Predecessor:} 13. Nb3 Ng4 14. Nxg4 Rxg4 15. Bxd6 Qxd6 {0-1 (32) Shagbazyan,T (2190)-Butchak,B Odessa 2009}) 13... Bxe5 14. Bxe5 Nxe5 15. dxe5 Ne4 16. Nxe4 fxe4 17. f3 exf3 18. Qxf3 Rg6 19. c4 ({White should try} 19. Rf2 $14) 19... dxc4 $11 20. Rd4 Rc8 21. a4 Qe7 $1 22. Rd6 Rc7 23. Qc3 Kf8 24. Qd4 Kg7 25. g3 h5 26. Rf4 b6 27. Kg2 Qe8 28. Rd8 Qxa4 29. Qd6 {[#] Intending Qf8+ and mate.} Qc6+ 30. Qxc6 Rxc6 31. Rd7 $1 {[%csl LRa7,LRf7]} Kg8 32. Rfxf7 a5 {Precision: White = 61%, Black = 77%.} 1/2-1/2

[Event "Sparkassen Open 2018"]
[Site "Heusenstamm"]
[Date "2018.11.25"]
[Round "7"]
[White "Andreev, Eduard"]
[Black "Hahn, Florian"]
[Result "1-0"]
[WhiteElo "2425"]
[BlackElo "2148"]
[Annotator "TA"]
[PlyCount "59"]
[EventDate "2018.11.22"]
[EventType "swiss"]
[EventCountry "GER"]
[SourceTitle "playchess.com"]
[Source "ChessBase"]
[SourceQuality "1"]

{[%evp 24,59,54,49,54,50,84,74,139,138,188,192,187,189,200,201,199,200,197,208,197,194,241,221,227,204,256,229,270,275,381,378,564,466,502,429,1432,1273]} 1. e4 c5 2. Nf3 g6 3. d4 cxd4 4. Nxd4 Bg7 5. c4 Nc6 6. Be3 Nf6 7. Nc3 Ng4 8. Qxg4 Nxd4 9. Qd1 e5 10. Bd3 d6 11. O-O O-O 12. Qd2 Be6 13. Rad1 {LiveBook: 16 Games} Qd7 {B39: Sicilian: Maroczy Bind with 5...Bg7 and 7...Ng4} (13... a6 14. b3 Qh4 15. f3 h6 16. Qf2 Qxf2+ 17. Rxf2 Rfc8 18. Bxd4 exd4 19. Ne2 b5 20. cxb5 axb5 21. Bb1 {½-½ (49) Hirneise,T (2452)-Plat,V (2498) Pardubice 2016}) 14. b3 Rac8 $146 ({Predecessor:} 14... Rad8 15. Bxd4 exd4 16. Ne2 Rfe8 17. Bb1 f5 18. exf5 Bxf5 19. Bxf5 Qxf5 20. Nxd4 Qh5 21. Nf3 {1-0 (34) Bjerre,J (2083)-Fossan,B (1697) Helsingor 2015}) 15. Bb1 b5 (15... Rcd8 $142) 16. Bxd4 $16 b4 17. Ne2 exd4 18. Qxb4 Rb8 19. Qd2 Rfd8 20. Nxd4 Qb7 21. Kh1 Bd7 22. f3 {[%cal Bf2f3,Bf3f4,Bf4f5,Bf5g6][%mdl 32]} h5 23. Ne2 Bc6 24. Bc2 Kh7 25. Nd4 Qb6 26. f4 Bd7 27. f5 Qc5 (27... Qxd4 {was necessary.} 28. Qxd4 Bxd4) 28. Nf3 {White is clearly winning.} Bh6 29. Qxd6 Qe3 (29... Qxd6 $142 30. Rxd6 Be8) 30. fxg6+ {Accuracy: White = 82%, Black = 23%.} 1-0

[Event "Sparkassen Open 2018"]
[Site "Heusenstamm"]
[Date "2018.11.25"]
[Round "7"]
[White "Geske, Julian"]
[Black "Chandler, Patrick"]
[Result "1/2-1/2"]
[WhiteElo "2382"]
[BlackElo "2138"]
[Annotator "NA"]
[PlyCount "129"]
[EventDate "2018.11.22"]
[EventType "swiss"]
[EventCountry "GER"]
[SourceTitle "playchess.com"]
[Source "ChessBase"]
[SourceQuality "1"]
[TimeControl "40/5400+30:1800+30"]

1. e4 {[%emt 0:00:00]} e5 {[%emt 0:00:39]} 2. Nf3 {[%emt 0:00:00]} d6 {[%emt 0:00:29]} 3. d4 {[%emt 0:02:24]} Nc6 {[%emt 0:02:40]} 4. Bb5 {[%emt 0:01:15]} f6 {[%emt 0:00:53] C62: Ruy Lopez: Steinitz Defence} (4... Bd7 5. Nc3 exd4 6. Nxd4 Nf6 7. O-O Be7 8. Bf4 O-O 9. Re1 Nxd4 10. Qxd4 Bxb5 11. Nxb5 Nd7 12. Qc4 a6 13. Nc3 Bf6 14. Nd5 Rc8 15. Qb4 b6 16. Rad1 Re8 17. b3 Be5 18. Be3 a5 19. Qd2 Nf6 20. Bg5 {½-½ (59) Navara,D (2740)-Andriasian,Z (2585) Katowice 2017}) 5. O-O {[%emt 0:01:42]} Bd7 {[%emt 0:01:03]} 6. c3 {[%emt 0:06:45]} Nge7 {[%emt 0:01:37]} 7. Nh4 {[%emt 0:04:19]} g6 {[%emt 0:01:14]} 8. a4 $146 {[%emt 0:05:49]} ({Predecessor:} 8. f4 Bg7 9. f5 Na5 10. Bd3 c5 11. d5 b5 12. Be3 Qc7 13. Qd2 O-O-O 14. b4 {1-0 (34) Kovac,M (2096)-Gabor,A (2030) Hungary 2004}) 8... Bg7 {[%emt 0:01:52]} 9. Bc4 {[%emt 0:00:29]} Qc8 {[%emt 0:01:15]} 10. f4 {[%emt 0:05:05]} exf4 {[%emt 0:01:12]} 11. Bxf4 {[%emt 0:03:05]} Nd8 {[%emt 0:00:31]} 12. Nd2 {[%emt 0:11:32]} Be6 {[%emt 0:02:59]} 13. Bxe6 {[%emt 0:01:02]} Qxe6 {[%emt 0:00:26]} 14. Qc2 {[%emt 0:02:09]} O-O {[%emt 0:03:39]} 15. Bg3 {[%emt 0:02:39]} Nf7 {[%emt 0:01:51]} 16. Rae1 {[%emt 0:03:55]} Rae8 {[%emt 0:00:21]} 17. Qd3 {[%emt 0:02:31]} Qd7 {[%emt 0:01:40]} 18. Qb5 {[%emt 0:02:13]} c6 {[%emt 0:00:19]} 19. Qb3 {[%emt 0:03:10]} d5 {[%emt 0:01:54]} 20. Nhf3 {[%emt 0:02:34]} Kh8 {[%emt 0:02:51]} 21. exd5 {[%emt 0:05:51]} cxd5 {[%emt 0:00:07]} 22. Bf4 {[%emt 0:04:59]} g5 {[%emt 0:01:27]} 23. Bg3 {[%emt 0:00:37]} Ng6 {[%emt 0:01:40]} 24. Rxe8 {[%emt 0:01:20]} Rxe8 {[%emt 0:01:00]} 25. Qd1 {[%emt 0:04:33]} f5 {[%emt 0:00:46]} 26. Re1 {[%emt 0:04:54]} f4 {[%emt 0:03:13]} 27. Bf2 {[%emt 0:00:14]} Bf6 {[%emt 0:04:06]} 28. Rxe8+ {[%emt 0:03:55]} Qxe8 {[%emt 0:00:18]} 29. c4 {[%emt 0:00:40]} g4 {[%emt 0:01:00]} 30. Ne1 {[%emt 0:02:28]} h5 {[%emt 0:00:36]} 31. cxd5 {[%emt 0:00:47]} Kg7 {[%emt 0:01:07]} 32. Nb1 {[%emt 0:06:07]} Qd7 {[%emt 0:01:37]} 33. Nc3 {[%emt 0:00:54]} h4 {[%emt 0:00:38]} 34. Nc2 {[%emt 0:00:41]} Qf5 {[%emt 0:01:13]} 35. Qe2 {[%emt 0:02:37]} Ng5 {[%emt 0:01:51]} 36. Be1 {[%emt 0:01:58]} g3 {[%emt 0:01:02]} 37. Kh1 {[%emt 0:00:57]} f3 {[%emt 0:04:31]} 38. Ne3 {[%emt 0:01:03]} Qf4 {[%emt 0:02:11]} 39. gxf3 {[%emt 0:00:06]} Bxd4 {[%emt 0:01:40]} 40. Ng2 {[%emt 0:01:12]} Qxf3 {[%emt 0:00:36]} 41. d6 {[%emt 0:11:44]} h3 {[%emt 0:02:20]} (41... Qf5 $19 42. Nxh4 {[%mdl 64] Remove Defender} Nxh4 43. Bxg3 Ng6) 42. Qxf3 {[%emt 0:00:52]} Nxf3 {[%emt 0:00:57]} 43. Bxg3 {[%emt 0:00:09]} hxg2+ {[%emt 0:01:00]} 44. Kxg2 {[%emt 0:00:01]} Nfe5 {[%emt 0:00:23]} 45. Nb5 {[%emt 0:00:52]} Bc5 {[%emt 0:00:50]} 46. b4 {[%emt 0:02:12]} Bxb4 {[%emt 0:00:58]} 47. Nxa7 {[%emt 0:00:12]} Bxd6 {[%emt 0:00:38]} 48. Nb5 {[%emt 0:00:16]} Bb4 {[%emt 0:00:55]} 49. Kf2 {[%emt 0:00:28]} Bc5+ {[%emt 0:01:14]} 50. Ke2 {[%emt 0:00:11]} Kh6 {[%emt 0:01:02]} 51. Kd2 {[%emt 0:00:33]} Kg5 {[%emt 0:00:31]} 52. Kc3 {[%emt 0:00:35]} Kg4 {[%emt 0:00:57]} 53. Nc7 {[%emt 0:01:10]} Bb6 {[%emt 0:02:46]} 54. Nd5 {[%emt 0:00:13]} Bc5 {[%emt 0:02:54]} (54... Bd8 $17 55. Ne3+ Kf3) 55. Nc7 {[%emt 0:00:05]} Bb6 {[%emt 0:04:50]} 56. Nd5 {[%emt 0:00:20]} Ba5+ {[%emt 0:00:15]} 57. Kd4 {[%emt 0:00:08]} Nd7 {[%emt 0:02:17]} 58. Bc7 {[%emt 0:01:01]} Be1 {[%emt 0:01:43]} 59. Kc4 {[%emt 0:00:41]} Kf5 {[%emt 0:01:59]} 60. a5 {[%emt 0:01:21]} Ke4 {[%emt 0:01:23]} 61. Nb4 {[%emt 0:01:52]} Ne7 {[%emt 0:03:37]} 62. a6 {[%emt 0:02:44]} Bxb4 {[%emt 0:01:49]} 63. axb7 {[%emt 0:01:16]} Nd5 {[%emt 0:03:15]} 64. b8=Q {[%emt 0:01:24]} Nxb8 $11 {[%emt 0:00:08]} 65. Bxb8 {[%emt 0:00:09]} 1/2-1/2

[Event "Sparkassen Open 2018"]
[Site "Heusenstamm"]
[Date "2018.11.25"]
[Round "7"]
[White "Kersten, Uwe"]
[Black "Gutman, Lev"]
[Result "0-1"]
[WhiteElo "2233"]
[BlackElo "2434"]
[Annotator "RC"]
[PlyCount "68"]
[EventDate "2018.11.22"]
[EventType "swiss"]
[EventCountry "GER"]
[SourceTitle "playchess.com"]
[Source "ChessBase"]
[SourceQuality "1"]
[TimeControl "40/5400+30:1800+30"]

1. d4 {[%emt 0:07:59]} Nf6 {[%emt 0:00:00]} 2. Bg5 {[%emt 0:00:44]} Ne4 {[%emt 0:00:02]} 3. Bf4 {[%emt 0:00:15]} d5 {[%emt 0:00:08]} 4. e3 {[%emt 0:00:15]} g6 {[%emt 0:00:10]} 5. Bd3 {[%emt 0:05:39]} Nd6 {[%emt 0:03:46]} 6. Nc3 {[%emt 0:05:01]} c6 {[%emt 0:00:30]} 7. e4 {[%emt 0:03:01]} dxe4 {[%emt 0:00:31]} 8. Nxe4 {[%emt 0:00:35]} Nxe4 {[%emt 0:00:31]} 9. Bxe4 {[%emt 0:00:06]} Nd7 {[%emt 0:04:18]} 10. Qd2 {[%emt 0:10:28]} Nf6 {[%emt 0:02:27]} 11. Bf3 {[%emt 0:01:11]} Nd5 {[%emt 0:04:39]} 12. Be5 {[%emt 0:02:56]} f6 {[%emt 0:00:36]} 13. Bg3 {[%emt 0:00:09]} h5 {[%emt 0:00:41]} 14. Be4 {[%emt 0:18:39]} Kf7 {[%emt 0:06:32]} 15. h4 {[%emt 0:08:39]} Bh6 {[%emt 0:05:18]} 16. f4 {[%emt 0:00:19]} Bg4 {[%emt 0:07:13]} 17. c4 {[%emt 0:06:11]} Nb6 {[%emt 0:04:36]} 18. Qd3 {[%emt 0:04:41]} f5 {[%emt 0:04:10]} 19. Bf3 {[%emt 0:00:22]} Qd6 {[%emt 0:00:07]} 20. Bxg4 {[%emt 0:04:54]} hxg4 {[%emt 0:02:08]} 21. Kd1 {[%emt 0:04:47]} Nd7 {[%emt 0:03:03]} 22. Kc2 {[%emt 0:01:36]} Nf6 {[%emt 0:00:07]} 23. Re1 {[%emt 0:02:58]} Rad8 {[%emt 0:01:45]} 24. Ne2 {[%emt 0:03:46]} Ne4 {[%emt 0:02:47]} 25. Rhf1 {[%emt 0:00:26]} Bg7 {[%emt 0:03:09]} 26. Rd1 {[%emt 0:00:04]} c5 {[%emt 0:07:13]} 27. d5 {[%emt 0:02:10]} Qb6 {[%emt 0:19:48]} 28. b3 {[%emt 0:00:54]} Qf6 {[%emt 0:01:53]} 29. Rb1 {[%emt 0:00:12]} Qa6 {[%emt 0:02:55]} 30. a4 {[%emt 0:00:44]} e6 {[%emt 0:00:02]} 31. Rfd1 {[%emt 0:02:16]} exd5 {[%emt 0:00:01]} 32. cxd5 {[%emt 0:00:27]} c4 {[%emt 0:05:24]} 33. bxc4 {[%emt 0:02:28]} Rc8 {[%emt 0:01:36]} 34. Rb5 {[%emt 0:01:23]} Qxa4+ {[%emt 0:00:20]} 0-1

[Event "Sparkassen Open 2018"]
[Site "Heusenstamm"]
[Date "2018.11.25"]
[Round "7"]
[White "Jansen, Dirk Norbert"]
[Black "Fruebing, Stefan"]
[Result "1/2-1/2"]
[WhiteElo "2209"]
[BlackElo "2406"]
[Annotator "NA"]
[PlyCount "31"]
[EventDate "2018.11.22"]
[EventType "swiss"]
[EventCountry "GER"]
[SourceTitle "playchess.com"]
[Source "ChessBase"]
[SourceQuality "1"]
[TimeControl "40/5400+30:1800+30"]

1. e4 {[%emt 0:00:00]} c5 {[%emt 0:00:00]} 2. Nf3 {[%emt 0:00:00]} Nc6 {[%emt 0:00:00]} 3. d4 {[%emt 0:00:00]} cxd4 {[%emt 0:00:00]} 4. Nxd4 {[%emt 0:00:00]} g6 {[%emt 0:00:01]} 5. c4 {[%emt 0:00:00]} Bg7 {[%emt 0:00:11]} 6. Be3 {[%emt 0:00:00]} Nf6 {[%emt 0:00:23]} 7. Nc3 {[%emt 0:00:00]} d6 {[%emt 0:00:09]} 8. Be2 {[%emt 0:00:18]} O-O {[%emt 0:00:12]} 9. Qd2 {[%emt 0:00:17]} Nxd4 {[%emt 0:04:13]} 10. Bxd4 {[%emt 0:00:04]} a5 {[%emt 0:00:21]} 11. Rd1 {[%emt 0:02:05]} a4 {[%emt 0:05:01]} 12. O-O {[%emt 0:02:11]} Be6 {[%emt 0:09:56]} 13. f4 {[%emt 0:00:23]} Qa5 {[%emt 0:00:48]} 14. b3 {[%emt 0:01:56]} axb3 {[%emt 0:07:31]} 15. axb3 {[%emt 0:01:54]} Rfc8 {[%emt 0:00:04]} 16. Bd3 1/2-1/2

[Event "Sparkassen Open 2018"]
[Site "Heusenstamm"]
[Date "2018.11.25"]
[Round "7"]
[White "Henrich, Thomas"]
[Black "Baskin, Robert"]
[Result "0-1"]
[WhiteElo "2207"]
[BlackElo "2354"]
[Annotator "NA"]
[PlyCount "36"]
[EventDate "2018.11.22"]
[EventType "swiss"]
[EventCountry "GER"]
[SourceTitle "playchess.com"]
[Source "ChessBase"]
[SourceQuality "1"]
[TimeControl "40/5400+30:1800+30"]

1. e4 {[%emt 0:00:00]} c6 {[%emt 0:00:00]} 2. d4 {[%emt 0:00:00]} d5 {[%emt 0:00:00]} 3. Nd2 {[%emt 0:00:00]} dxe4 {[%emt 0:00:01]} 4. Nxe4 {[%emt 0:00:00]} Bf5 {[%emt 0:00:09]} 5. Qf3 {[%emt 0:00:46]} e6 {[%emt 0:04:01]} 6. Ne2 {[%emt 0:00:52]} Nd7 {[%emt 0:01:33]} 7. N2g3 {[%emt 0:00:28]} Bg6 {[%emt 0:00:59]} 8. Bd3 {[%emt 0:07:06]} Ngf6 {[%emt 0:01:39]} 9. O-O {[%emt 0:00:16]} Be7 {[%emt 0:00:40]} 10. Bf4 {[%emt 0:01:32]} O-O {[%emt 0:01:54]} 11. c3 {[%emt 0:04:36]} Nd5 {[%emt 0:03:50]} 12. Bd6 {[%emt 0:06:06]} f5 {[%emt 0:06:50]} 13. Bxe7 {[%emt 0:00:25]} Qxe7 {[%emt 0:00:36]} 14. Nd2 {[%emt 0:01:54]} e5 {[%emt 0:00:18]} 15. Bc4 {[%emt 0:03:10]} e4 {[%emt 0:02:08]} 16. Qe2 {[%emt 0:03:48]} N7b6 {[%emt 0:04:54]} 17. f4 {[%emt 0:05:40]} Qh4 {[%emt 0:06:37]} 18. Qf2 {[%emt 0:09:31]} e3 {[%emt 0:01:40]} 0-1